导出完成 — 

Bài tập Pascal

Đã lưu trong:
书目详细资料
主要作者: NGUYỄN QUÝ KHANG
格式: 图书
语言:Undetermined
出版: H. ĐHQG 2002
主题:
标签: 添加标签
没有标签, 成为第一个标记此记录!
Thư viện lưu trữ: Trung tâm Học liệu Trường Đại học Cần Thơ
LEADER 00513nam a2200169Ia 4500
001 CTU_48016
008 210402s9999 xx 000 0 und d
082 |a 005.133 
082 |b Kh106/T2 
100 |a NGUYỄN QUÝ KHANG 
245 0 |a Bài tập Pascal 
245 0 |c NGUYỄN QUÝ KHANG, Kiều Văn Hưng 
260 |a H. 
260 |b ĐHQG 
260 |c 2002 
650 |a pascal ( computer program language ) - problems, exercise, etc. 
980 |a Trung tâm Học liệu Trường Đại học Cần Thơ